The Land of Stories- Every Series In Order - Statistics

General Stats
  • This quiz has been taken 30 times
  • The average score is 5 of 6
Answer Stats
Year Written Answer % Correct
2013 The Enchantress Returns
96%
2012 The Wishing Spell
96%
2014 A Grimm Warning
92%
2015 Beyond the Kingdoms
85%
2017 Worlds Collide
85%
2016 An Author's Odyssey
77%
No matching quizzes found
Score Distribution
Percent of People with Each Score
Percentile by Number Answered
Your Score History
You have not taken this quiz